01049nam a2200253u 450000100060000000300080000600500170001400800390003103500190007004000330008904100080012208200210013010000590015124501440021025000240035426000420037830000310042050400510045165000730050265100550057594200120063099900170064295201360065927331BD-RjUL20211209051136.0140325t19641948nyu 001 0 eng a(BD-RjUL)27404 aDLCcCarPdDLCdBD-RjULbeng aeng a975.44bDID 19641 aDick, Everett Newfon,d1898- [from old catalog]98392814aThe Dixie frontier :ba social history of the southern frontier from the first transmontane beginnings to the Civil War /cby Everett Dick. aCapricorn books ed. aNew York :bCapricorn,cc1948 [1964]. axix, 374, xxv p. ;c22 cm. aIncludes bibliographical references and index. 0aFrontier and pioneer lifezSouthwest, Old. [from old catalog]983929 0aSouthwest, OldxHistory. [from old catalog]983930 2ddccBK c27331d27331 00102ddc40728NFICaRUCLbRUCLcReadingd1985-02-26eHeffer & Sonsl0o975.44 DID 1964r2014-03-25 00:00:00tC-1w2014-03-25yBK